Classics in lesbian studies /

में बचाया:
ग्रंथसूची विवरण
मुख्य लेखक: Rothblum, Esther D. (लेखक)
स्वरूप: पुस्तक
भाषा:अंग्रेज़ी
प्रकाशित: New York : Harrington Park Press, c1997
टैग: टैग जोड़ें
कोई टैग नहीं, इस रिकॉर्ड को टैग करने वाले पहले व्यक्ति बनें!

MARC

LEADER 00000nam a22000007i 4500
001 IT\ICCU\UBO\2283853
003 ItRI
005 20260115231833.0
008 030904s1997 xxu|||||| ||||| |||||c
020 |a 1560230932 
040 |b ita  |c importazione bologna sebina 
041 7 |a eng  |2 ISO-639-2 
100 1 |a Rothblum, Esther D.  |0 IT\ICCU\UBOV\602542  |4 aut 
245 1 0 |a Classics in lesbian studies /  |c Esther D. Rothblum, editor. 
260 |a New York :  |b Harrington Park Press,  |c c1997 
300 |a 286 p. :  |b ill. ;  |c 22 cm 
500 |a Classics in lesbian studies, edited by Esther D.Rothblum, was simultaneously issued by the Haworth Press,Inc., under the same title, as a special issue of Journal of lesbian studies, Volume 1, Number 1 and 2 1997. 
942 |2 ddc  |c BK  |n 0 
952 |0 0  |1 0  |4 0  |6 L_302_100000000000000_ROT  |7 0  |9 13890  |a BO  |b BO  |d 2026-01-15  |i 3936  |l 0  |o L 302.1 ROT  |p BO3936  |r 2026-01-15 23:18:33  |w 2026-01-15  |x [Sebina 5] [1 v.]  |y BK  |z 1 v. 
999 |c 11955  |d 11955